music trivia: 2014 songs and artists - Statistics

General Stats
  • This quiz has been taken 400 times
  • The average score is 10 of 15
Answer Stats
for each 2014 song... ...name the recording artist or group who did it. % Correct
Chandalier Sia
95%
Roar Katy Perry
94%
Wrecking Ball Miley Cyrus
93%
Happy Pharrell Williams
93%
Shake It Off Taylor Swift
92%
All About That Bass Meghan Trainor
91%
Take Me to Church Hozier
85%
Thinking Out Loud Ed Sheeran
80%
Stay With Me Sam Smith
75%
Wake Me Up! Avicii and Aloe Blacc
71%
A Sky Full of Stars Coldplay
69%
Let It Go Demi Lovato or Idina Menzel
54%
Brave Sara Bareilles
19%
Lazaretto Jack White
8%
Back to the Shack Weezer
8%
No matching quizzes found
Score Distribution
Percent of People with Each Score
Percentile by Number Answered
Your Score History
You have not taken this quiz